El valor de la verdad /

Guardado en:
Detalles Bibliográficos
Formato: Libro
Idioma:Español
Publicado: Buenos Aires, Argentina : Lumen, 1989, c1989
Colección:(Un Encuentro con Mahatma Gandhi ; 3)
Temas:
Etiquetas: Agrega una etiqueta
Sin etiquetas, Sé el primero en etiquetar este registro!

MARC

LEADER 00000nam^a2200000^a^4500
001 000283605
005 20250624000000.0
009 20260310111640.815
020 |a 950-9017-55-8 
025 |a Donación sin dato, 1 ejemplar 
037 |a Acervo ITESO - Biblioteca 
041 |a ESP 
082 |a 320.  |b ENC V. 3 
245 0 3 |a El valor de la verdad / 
264 4 |a Buenos Aires, Argentina :  |b Lumen,  |c 1989, c1989 
300 |a 45 p. 
336 |a texto  |b txt  |2 rdacontenido 
337 |a sin mediación  |b n  |2 rdamedio 
338 |a volumen  |b nc  |2 rdasoporte 
440 3 |a (Un Encuentro con Mahatma Gandhi ;  |v 3) 
649 |a XX 
650 |a Verdad -  |x Tema Principal 
650 |a Gandhi, Mahatma -  |x Tema Principal 
910 |a Fondo General 
920 |a Impresos - Libros 
930 |a Colección General 
905 |a 101 
901 |a 0500170061  |b IT1  |c ACC  |d DT  |i D  |u 20250624 
902 |a https://opac.biblio.iteso.mx/vufind/Record/000283605